000 00674nam a2200229 a 4500
001 BRL_442
005 20190320210738.0
008 130813s1984----mx-a######---#000-0#spa-#
041 _aspa
044 _amx
050 4 _aPQ6174.95
_b.P64 1984
245 1 0 _aPoemas de tu abrupta ternura
_cvoz literaria: Arturo Guzmán ; voz gráfica: Gilberto Aceves Navarro
260 _aMéxico
_bArtypro
_c1984
300 _a10 p.
_bil.
_c35 cm.
500 _aimpresión sobre papel craft y cubiertas de papel mate
500 _aAu488
650 1 4 _aPoemas
_923925
700 1 _aGuzmán, Arturo
_922967
700 1 _aAceves Navarro, Gilberto
_923926
902 _aGRL
942 _2lcc
_cB
999 _c9254
_d9254